000 00655nam a2200217Ii 4500
003 JO-AjNU
008 230606s9999||||xx |||||||||||||| ||und||
020 _a978-0-19-438923-5
040 _aJO-AjNU
_beng
_erda
_cJO-AjNU
041 _aeng
050 1 4 _aP325 2009
100 3 _aCowie,A.P تأليف,
_eauthor
_92008
245 0 0 _aSemantics:Oxford Introdution To Language Study
250 _a1 ed
264 3 1 _aNew York:Oxford University Press,2009
300 _a130p
336 _atext
_btxt
_2rdacontent
337 _aunmediated
_bn
_2rdamedia
338 _avolume
_bnc
_2rdacarrier
650 4 _aSemantics:Oxford Introdution To Language Study
_92009
999 _aE1055
_c1055
_d1055